000 00638cam a22002293a 4500
001 28164
003 PGUSA
005 20140828083616.0
008 090223s2009||||xxu|||||s|||||000 | eng d
040 _aPGUSA
_beng
042 _adc
050 4 _aPR
100 1 _aZangwill, Israel,
_d1864-1926
245 1 4 _aThe Big Bow Mystery
_h[electronic resource] /
_cIsrael Zangwill
260 _bProject Gutenberg,
_c2009
506 _aPublic domain in the USA.
516 _aElectronic text
653 _aDetective and mystery stories
830 0 _aProject Gutenberg
_v28164
856 4 0 _uhttp://www.gutenberg.org/ebooks/28164
942 _cEB
999 _c257419
_d257419